000 00383nam a2200157Ia 4500
008 230917s9999||||xx |||||||||||||| ||und||
040 _e148482
_aMAIN
041 _aEnglish
082 _a657.48 S41F
100 _aSehgal, Ashok
245 0 _aFundamentals of financial accounting
250 _a5th ed.
260 _aNew Delhi
_bTaxmann
_c2006
300 _a1176p p.
942 _cBK
999 _c152755
_d152755